[Event "Girls U14 Polish Youth Championship"]
[Site "chess24.com"]
[Date "2018.04.30"]
[Round "3"]
[White "Kot, Ewelina"]
[Black "Wysocka, Edyta"]
[Result "0-1"]
[Board "22"]
[WhiteElo "1148"]
[WhiteCountry "POL"]
[WhiteFideId "21871566"]
[WhiteEloChange "-6"]
[BlackElo "1301"]
[BlackCountry "POL"]
[BlackFideId "21836663"]
[BlackEloChange "6"]

1. e4 {[%clk 1:30:58]} e5 {[%clk 1:30:56]} 2. Nf3 {[%clk 1:31:20]} Nc6 {[%clk
1:31:20]} 3. Nc3 {[%clk 1:31:18]} Nf6 {[%clk 1:31:43]} 4. Bb5 {[%clk 1:31:22]} d6
{[%clk 1:30:58]} 5. d4 {[%clk 1:31:09]} exd4 {[%clk 1:30:40]} 6. Nxd4 {[%clk
1:31:29]} Bd7 {[%clk 1:30:39]} 7. Nxc6 {[%clk 1:31:10]} Bxc6 {[%clk 1:30:37]} 8.
Bxc6+ {[%clk 1:31:26]} bxc6 {[%clk 1:31:01]} 9. O-O {[%clk 1:31:27]} Be7 {[%clk
1:31:04]} 10. Re1 {[%clk 1:31:37]} O-O {[%clk 1:30:59]} 11. Qf3 {[%clk 1:31:00]}
Qd7 {[%clk 1:29:50]} 12. Bf4 {[%clk 1:28:05]} Qg4 {[%clk 1:26:47]} 13. Qxg4
{[%clk 1:28:11]} Nxg4 {[%clk 1:27:14]} 14. h3 {[%clk 1:28:23]} Ne5 {[%clk
1:26:23]} 15. Red1 {[%clk 1:27:58]} Rfd8 {[%clk 1:26:06]} 16. f3 {[%clk 1:27:41]}
Bf6 {[%clk 1:24:05]} 17. a3 {[%clk 1:21:56]} Nc4 {[%clk 1:21:37]} 18. Bc1 {[%clk
1:18:07]} Bxc3 {[%clk 1:20:41]} 19. bxc3 {[%clk 1:18:28]} Rac8 {[%clk 1:19:14]}
20. Rd4 {[%clk 1:18:29]} d5 {[%clk 1:18:36]} 21. Bf4 {[%clk 1:18:06]} f6 {[%clk
1:18:00]} 22. a4 {[%clk 1:18:14]} Ne5 {[%clk 1:17:51]} 23. Rad1 {[%clk 1:17:47]}
Ng6 {[%clk 1:16:46]} 24. Bg3 {[%clk 1:17:40]} Ne7 {[%clk 1:16:11]} 25. c4 {[%clk
1:17:28]} c5 {[%clk 1:15:31]} 26. R4d3 {[%clk 1:17:01]} d4 {[%clk 1:15:34]} 27.
c3 {[%clk 1:16:42]} Nc6 {[%clk 1:15:15]} 28. cxd4 {[%clk 1:16:08]} Rxd4 {[%clk
1:14:55]} 29. Rxd4 {[%clk 1:15:58]} cxd4 {[%clk 1:14:48]} 30. Kf2 {[%clk
1:15:50]} Kf7 {[%clk 1:14:49]} 31. f4 {[%clk 1:15:53]} Rd8 {[%clk 1:14:31]} 32.
f5 {[%clk 1:15:44]} Ne5 {[%clk 1:14:43]} 33. Bxe5 {[%clk 1:15:11]} fxe5 {[%clk
1:15:06]} 34. Kf3 {[%clk 1:15:23]} Rb8 {[%clk 1:15:12]} 35. Ra1 {[%clk 1:13:03]}
Rb3+ {[%clk 1:14:58]} 36. Ke2 {[%clk 1:13:16]} Rc3 {[%clk 1:15:10]} 37. Kd2
{[%clk 1:13:06]} Rxc4 {[%clk 1:15:33]} 38. Ra3 {[%clk 1:13:19]} Rb4 {[%clk
1:15:28]} 39. Kc2 {[%clk 1:13:41]} Ke7 {[%clk 1:15:09]} 40. a5 {[%clk 1:13:59]}
a6 {[%clk 1:15:07]} 41. Rg3 {[%clk 1:13:49]} Kf6 {[%clk 1:15:13]} 42. Ra3 {[%clk
1:13:11]} Rb5 {[%clk 1:15:18]} 43. Kd3 {[%clk 1:13:09]} Rb4 {[%clk 1:15:02]} 44.
Kc2 {[%clk 1:13:21]} g5 {[%clk 1:12:44]} 45. fxg6 {[%clk 1:13:02]} Kxg6 {[%clk
1:13:08]} 46. Rg3+ {[%clk 1:13:03]} Kf7 {[%clk 1:12:52]} 47. Rg5 {[%clk 1:12:57]}
Rb5 {[%clk 1:12:52]} 48. Rf5+ {[%clk 1:12:25]} Kg7 {[%clk 1:12:49]} 49. Rg5+
{[%clk 1:12:42]} Kh6 {[%clk 1:12:43]} 50. h4 {[%clk 1:12:31]} Rxa5 {[%clk
1:12:45]} 51. g4 {[%clk 1:12:45]} Rb5 {[%clk 1:11:32]} 52. Rh5+ {[%clk 1:13:00]}
Kg7 {[%clk 1:11:54]} 53. Rg5+ {[%clk 1:13:23]} Kf6 {[%clk 1:11:45]} 54. Rh5
{[%clk 1:13:37]} Kg7 {[%clk 1:11:27]} 55. Rg5+ {[%clk 1:13:53]} Kh8 {[%clk
1:11:32]} 56. h5 {[%clk 1:14:10]} h6 {[%clk 1:11:14]} 57. Rg6 {[%clk 1:14:19]}
Rb6 {[%clk 1:11:37]} 58. Rxb6 {[%clk 1:13:46]} cxb6 {[%clk 1:12:05]} 59. Kd3
{[%clk 1:13:51]} b5 {[%clk 1:12:17]} 60. Kd2 {[%clk 1:14:00]} Kg7 {[%clk
1:12:29]} 61. Kc2 {[%clk 1:14:12]} Kf6 {[%clk 1:12:24]} 62. Kd3 {[%clk 1:13:40]}
Kg5 {[%clk 1:12:36]} 63. Kc2 {[%clk 1:13:09]} Kxg4 {[%clk 1:12:58]} 64. Kb3
{[%clk 1:13:26]} a5 {[%clk 1:13:22]} 65. Kc2 {[%clk 1:13:48]} Kxh5 {[%clk
1:13:46]} 66. Kd3 {[%clk 1:13:32]} Kg4 {[%clk 1:14:08]} 67. Ke2 {[%clk 1:13:50]}
h5 {[%clk 1:14:32]} 68. Kf2 {[%clk 1:14:11]} a4 {[%clk 1:14:53]} 69. Kg2 {[%clk
1:14:27]} a3 {[%clk 1:15:17]} 0-1

[Event "Girls U14 Polish Youth Championship"]
[Site "chess24.com"]
[Date "2018.04.30"]
[Round "3"]
[White "Kieca, Aleksandra"]
[Black "Gromek, Aleksandra"]
[Result "1-0"]
[Board "23"]
[WhiteElo "1427"]
[WhiteCountry "POL"]
[WhiteFideId "21826102"]
[WhiteEloChange "3"]
[BlackElo "1101"]
[BlackCountry "POL"]
[BlackFideId "21866619"]
[BlackEloChange "-3"]

1. e4 {[%clk 1:30:57]} e5 {[%clk 1:30:54]} 2. Nf3 {[%clk 1:31:13]} Nc6 {[%clk
1:31:11]} 3. Bb5 {[%clk 1:31:27]} Bc5 {[%clk 1:31:12]} 4. O-O {[%clk 1:30:26]}
Nf6 {[%clk 1:30:00]} 5. Bxc6 {[%clk 1:25:05]} dxc6 {[%clk 1:27:20]} 6. Nxe5
{[%clk 1:24:37]} Nxe4 {[%clk 1:25:44]} 7. Qe2 {[%clk 1:18:11]} Qd5 {[%clk
1:20:08]} 8. Nd3 {[%clk 1:11:48]} Be6 {[%clk 1:14:57]} 9. Nf4 {[%clk 1:07:59]}
Qf5 {[%clk 1:12:00]} 10. d3 {[%clk 1:07:26]} Nd6 {[%clk 1:11:37]} 11. Nxe6 {[%clk
1:05:43]} Qxe6 {[%clk 1:11:52]} 12. Qxe6+ {[%clk 1:05:38]} fxe6 {[%clk 1:12:11]}
13. Nd2 {[%clk 1:04:53]} O-O {[%clk 1:12:31]} 14. Nf3 {[%clk 1:04:49]} Nf5 {[%clk
1:12:08]} 15. c3 {[%clk 1:02:33]} Rad8 {[%clk 1:11:25]} 16. d4 {[%clk 1:02:32]}
Bd6 {[%clk 1:09:53]} 17. Re1 {[%clk 1:02:15]} Rfe8 {[%clk 1:06:21]} 18. g4 {[%clk
0:53:32]} Nh6 {[%clk 1:01:58]} 19. Bxh6 {[%clk 0:50:06]} gxh6 {[%clk 1:01:01]}
20. Re2 {[%clk 0:49:44]} Re7 {[%clk 1:01:09]} 21. Rae1 {[%clk 0:48:56]} Rde8
{[%clk 1:00:07]} 22. Ne5 {[%clk 0:40:43]} Kg7 {[%clk 0:58:15]} 23. b4 {[%clk
0:38:56]} a6 {[%clk 0:56:37]} 24. a3 {[%clk 0:36:25]} Bxe5 {[%clk 0:54:30]} 25.
Rxe5 {[%clk 0:36:24]} Kf6 {[%clk 0:52:38]} 26. f4 {[%clk 0:34:56]} Kg7 {[%clk
0:51:22]} 27. Kg2 {[%clk 0:33:56]} Rf8 {[%clk 0:50:19]} 28. Kg3 {[%clk 0:34:20]}
1-0

[Event "Girls U14 Polish Youth Championship"]
[Site "chess24.com"]
[Date "2018.04.30"]
[Round "3"]
[White "Pieczewska, Gabriela"]
[Black "Anyz, Monika"]
[Result "0-1"]
[Board "24"]
[WhiteElo "1203"]
[WhiteCountry "POL"]
[WhiteFideId "1195158"]
[WhiteEloChange "-6"]
[BlackElo "1349"]
[BlackCountry "POL"]
[BlackFideId "21816530"]
[BlackEloChange "6"]

1. c4 {[%clk 1:30:30]} e6 {[%clk 1:30:30]} 2. d4 {[%clk 1:30:30]} d5 {[%clk
1:30:30]} 3. g3 {[%clk 1:30:30]} Nf6 {[%clk 1:30:30]} 4. Bg2 {[%clk 1:30:30]} Be7
{[%clk 1:30:30]} 5. Nf3 {[%clk 1:30:30]} O-O {[%clk 1:30:30]} 6. O-O {[%clk
1:30:30]} b6 {[%clk 1:30:30]} 7. Bf4 {[%clk 1:30:30]} Bb7 {[%clk 1:30:30]} 8.
Nbd2 {[%clk 1:30:30]} Nbd7 {[%clk 1:30:30]} 9. Qc2 {[%clk 1:30:30]} c5 {[%clk
1:30:30]} 10. Bg5 {[%clk 1:30:30]} h6 {[%clk 1:30:30]} 11. Bxf6 {[%clk 1:30:30]}
Nxf6 {[%clk 1:30:30]} 12. Rfd1 {[%clk 1:30:30]} Rc8 {[%clk 1:30:30]} 13. Rab1
{[%clk 1:30:30]} dxc4 {[%clk 1:30:30]} 14. dxc5 {[%clk 1:30:30]} Rxc5 {[%clk
1:30:30]} 15. Nxc4 {[%clk 1:30:30]} Qc7 {[%clk 1:30:30]} 16. b3 {[%clk 1:30:30]}
b5 {[%clk 1:30:30]} 17. Qb2 {[%clk 1:30:30]} bxc4 {[%clk 1:30:30]} 18. bxc4
{[%clk 1:30:30]} Be4 {[%clk 1:30:30]} 19. Rbc1 {[%clk 1:30:30]} Rxc4 {[%clk
1:30:30]} 20. Rxc4 {[%clk 1:30:30]} Qxc4 {[%clk 1:30:30]} 21. Rd4 {[%clk
1:30:30]} Qc7 {[%clk 1:30:30]} 22. Qd2 {[%clk 1:30:30]} Bc5 {[%clk 1:30:30]} 23.
Ra4 {[%clk 1:30:30]} Rd8 {[%clk 1:30:30]} 24. Qe1 {[%clk 1:30:30]} Bc2 {[%clk
1:30:30]} 25. Rf4 {[%clk 1:30:30]} Rd1 {[%clk 1:30:30]} 26. Qxd1 {[%clk 1:30:30]}
Bxd1 {[%clk 1:30:30]} 0-1

[Event "Girls U14 Polish Youth Championship"]
[Site "chess24.com"]
[Date "2018.04.30"]
[Round "3"]
[White "Polakowska, Agnieszka"]
[Black "Hals, Emilia"]
[Result "1-0"]
[Board "25"]
[WhiteElo "1180"]
[WhiteCountry "POL"]
[WhiteFideId "21800804"]
[WhiteEloChange "14"]
[BlackElo "1335"]
[BlackCountry "POL"]
[BlackFideId "21816603"]
[BlackEloChange "-14"]

1. e4 {[%clk 1:30:59]} c6 {[%clk 1:30:56]} 2. d4 {[%clk 1:31:17]} d5 {[%clk
1:31:21]} 3. Nc3 {[%clk 1:31:10]} dxe4 {[%clk 1:31:42]} 4. Nxe4 {[%clk 1:31:23]}
Bf5 {[%clk 1:32:03]} 5. Ng3 {[%clk 1:31:39]} Bg6 {[%clk 1:32:23]} 6. Nf3 {[%clk
1:30:43]} Nd7 {[%clk 1:32:39]} 7. h4 {[%clk 1:30:47]} h6 {[%clk 1:33:04]} 8. h5
{[%clk 1:31:06]} Bh7 {[%clk 1:33:02]} 9. Bd3 {[%clk 1:31:07]} Bxd3 {[%clk
1:33:25]} 10. Qxd3 {[%clk 1:31:31]} Qc7 {[%clk 1:33:41]} 11. Bd2 {[%clk 1:31:20]}
Ngf6 {[%clk 1:33:52]} 12. O-O-O {[%clk 1:31:00]} O-O-O {[%clk 1:33:55]} 13. Kb1
{[%clk 1:27:59]} e6 {[%clk 1:34:13]} 14. c4 {[%clk 1:25:01]} c5 {[%clk 1:33:42]}
15. Bc3 {[%clk 1:23:41]} Bd6 {[%clk 1:30:29]} 16. Ne4 {[%clk 1:23:41]} Nxe4
{[%clk 1:30:50]} 17. Qxe4 {[%clk 1:21:32]} Nf6 {[%clk 1:31:11]} 18. Qe2 {[%clk
1:20:32]} cxd4 {[%clk 1:23:10]} 19. Bxd4 {[%clk 1:15:58]} Bc5 {[%clk 1:21:02]}
20. Bxc5 {[%clk 1:13:49]} Qxc5 {[%clk 1:20:46]} 21. Ne5 {[%clk 1:07:43]} Rxd1+
{[%clk 1:18:28]} 22. Rxd1 {[%clk 1:07:40]} Rf8 {[%clk 1:18:11]} 23. g4 {[%clk
1:05:53]} a6 {[%clk 1:05:05]} 24. f4 {[%clk 1:03:48]} Rd8 {[%clk 0:54:16]} 25.
Rxd8+ {[%clk 1:03:35]} Kxd8 {[%clk 0:54:37]} 26. Nxf7+ {[%clk 1:03:22]} Ke7
{[%clk 0:54:15]} 27. Ne5 {[%clk 1:03:35]} Kd6 {[%clk 0:37:02]} 28. b3 {[%clk
0:39:06]} Kc7 {[%clk 0:34:24]} 29. Kc2 {[%clk 0:35:39]} Nd5 {[%clk 0:29:25]} 30.
Nd3 {[%clk 0:34:31]} Qe3 {[%clk 0:27:32]} 31. Qh2 {[%clk 0:31:25]} Kd8 {[%clk
0:22:53]} 32. cxd5 {[%clk 0:30:59]} exd5 {[%clk 0:22:18]} 33. Qd2 {[%clk
0:30:09]} 1-0

[Event "Girls U14 Polish Youth Championship"]
[Site "chess24.com"]
[Date "2018.04.30"]
[Round "3"]
[White "Retz, Agnieszka"]
[Black "Reszka, Zofia"]
[Result "1-0"]
[Board "26"]
[WhiteElo "1172"]
[WhiteCountry "POL"]
[WhiteFideId "21819408"]
[WhiteEloChange "13"]
[BlackElo "1286"]
[BlackCountry "POL"]
[BlackFideId "21813930"]
[BlackEloChange "-13"]

1. e4 {[%clk 1:30:57]} c5 {[%clk 1:30:52]} 2. Nf3 {[%clk 1:31:20]} e6 {[%clk
1:31:11]} 3. d4 {[%clk 1:31:40]} cxd4 {[%clk 1:31:30]} 4. Nxd4 {[%clk 1:32:02]}
a6 {[%clk 1:31:39]} 5. Bd3 {[%clk 1:32:23]} Nf6 {[%clk 1:30:16]} 6. c4 {[%clk
1:32:43]} Qc7 {[%clk 1:26:35]} 7. Nc3 {[%clk 1:31:45]} Bb4 {[%clk 1:26:01]} 8.
O-O {[%clk 1:32:03]} O-O {[%clk 1:25:31]} 9. Be3 {[%clk 1:31:12]} d6 {[%clk
1:23:38]} 10. Qd2 {[%clk 1:29:39]} Nbd7 {[%clk 1:22:14]} 11. a3 {[%clk 1:29:25]}
Bxc3 {[%clk 1:20:07]} 12. Qxc3 {[%clk 1:28:28]} Nc5 {[%clk 1:17:53]} 13. f3
{[%clk 1:28:14]} Bd7 {[%clk 1:16:37]} 14. b4 {[%clk 1:28:07]} Na4 {[%clk
1:14:24]} 15. Qc2 {[%clk 1:27:56]} Rac8 {[%clk 1:11:06]} 16. Rac1 {[%clk
1:24:04]} e5 {[%clk 1:07:02]} 17. Nb3 {[%clk 1:17:55]} Nb6 {[%clk 1:04:09]} 18.
Qf2 {[%clk 1:15:15]} Na8 {[%clk 1:02:42]} 19. Rc3 {[%clk 1:14:49]} Qd8 {[%clk
1:00:23]} 20. Rfc1 {[%clk 1:14:26]} Nc7 {[%clk 0:58:59]} 21. Bb6 {[%clk 1:12:44]}
Qe7 {[%clk 0:58:19]} 22. c5 {[%clk 1:11:20]} d5 {[%clk 0:55:36]} 23. c6 {[%clk
1:10:12]} Bxc6 {[%clk 0:53:26]} 24. Bc5 {[%clk 1:10:20]} Qe6 {[%clk 0:51:55]} 25.
Bxf8 {[%clk 1:10:29]} Rxf8 {[%clk 0:51:39]} 26. Na5 {[%clk 1:10:11]} dxe4 {[%clk
0:44:43]} 27. Bc4 {[%clk 1:08:59]} Qd7 {[%clk 0:42:01]} 28. Nxc6 {[%clk 1:09:14]}
bxc6 {[%clk 0:41:49]} 29. Qe2 {[%clk 1:08:34]} exf3 {[%clk 0:40:47]} 30. Qxf3
{[%clk 1:08:43]} Qd4+ {[%clk 0:37:56]} 31. Qe3 {[%clk 1:08:38]} Rd8 {[%clk
0:37:00]} 32. Qxd4 {[%clk 1:08:39]} exd4 {[%clk 0:35:36]} 33. Rd3 {[%clk
1:07:54]} Ng4 {[%clk 0:34:43]} 34. Rcd1 {[%clk 1:07:44]} Nb5 {[%clk 0:31:05]} 35.
Bxb5 {[%clk 1:07:40]} axb5 {[%clk 0:31:08]} 36. Rxd4 {[%clk 1:07:44]} Rd5 {[%clk
0:29:56]} 37. Rxd5 {[%clk 1:07:53]} cxd5 {[%clk 0:29:31]} 38. Rxd5 {[%clk
1:08:10]} Kf8 {[%clk 0:29:23]} 39. Rxb5 {[%clk 1:08:29]} Ke7 {[%clk 0:29:04]} 40.
a4 {[%clk 1:08:45]} Kd6 {[%clk 0:28:49]} 41. Rc5 {[%clk 1:09:02]} Ne5 {[%clk
0:27:58]} 42. a5 {[%clk 1:09:03]} Nc6 {[%clk 0:27:56]} 43. a6 {[%clk 1:08:13]}
Na7 {[%clk 0:27:38]} 44. Kf2 {[%clk 1:08:07]} f6 {[%clk 0:26:54]} 45. Ke3 {[%clk
1:08:22]} g6 {[%clk 0:26:38]} 46. Kd4 {[%clk 1:08:44]} h6 {[%clk 0:26:32]} 47. b5
{[%clk 1:09:02]} Kd7 {[%clk 0:25:52]} 48. b6 {[%clk 1:09:04]} Nc6+ {[%clk
0:25:46]} 49. Kc4 {[%clk 1:08:52]} f5 {[%clk 0:24:46]} 50. a7 {[%clk 1:09:08]}
Nxa7 {[%clk 0:24:54]} 51. bxa7 {[%clk 1:09:28]} Ke7 {[%clk 0:25:04]} 52. a8Q
{[%clk 1:09:47]} Ke6 {[%clk 0:25:23]} 53. Qa6+ {[%clk 1:10:03]} Kd7 {[%clk
0:25:39]} 54. Rb5 {[%clk 1:10:15]} g5 {[%clk 0:25:56]} 55. Rb7+ {[%clk 1:10:37]}
Kc8 {[%clk 0:26:15]} 56. Qa8# {[%clk 1:10:37]} 1-0

[Event "Girls U14 Polish Youth Championship"]
[Site "chess24.com"]
[Date "2018.05.01"]
[Round "4"]
[White "Adamczyk, Zuzanna"]
[Black "Krzyzosiak, Anna"]
[Result "1-0"]
[Board "1"]
[WhiteElo "1741"]
[WhiteCountry "POL"]
[WhiteFideId "1187570"]
[WhiteEloChange "5"]
[BlackElo "1552"]
[BlackCountry "POL"]
[BlackFideId "21820430"]
[BlackEloChange "-5"]

1. d4 {[%clk 1:30:53]} Nf6 {[%clk 1:30:53]} 2. Nc3 {[%clk 1:30:59]} g6 {[%clk
1:30:57]} 3. e4 {[%clk 1:30:26]} d6 {[%clk 1:31:05]} 4. f4 {[%clk 1:29:42]} Bg7
{[%clk 1:30:28]} 5. Nf3 {[%clk 1:29:17]} O-O {[%clk 1:27:48]} 6. Bd3 {[%clk
1:27:35]} c5 {[%clk 1:20:12]} 7. dxc5 {[%clk 1:27:09]} dxc5 {[%clk 1:20:34]} 8.
Qe2 {[%clk 1:21:39]} Nc6 {[%clk 1:15:22]} 9. e5 {[%clk 1:19:06]} Ne8 {[%clk
1:08:40]} 10. Be3 {[%clk 1:13:12]} b6 {[%clk 1:05:57]} 11. O-O-O {[%clk 1:09:30]}
Bd7 {[%clk 0:59:26]} 12. Be4 {[%clk 0:56:39]} Rc8 {[%clk 0:54:53]} 13. Rd2 {[%clk
0:43:37]} Qc7 {[%clk 0:48:16]} 14. Nd5 {[%clk 0:42:34]} Qb8 {[%clk 0:45:47]} 15.
Nxe7+ {[%clk 0:41:15]} Nxe7 {[%clk 0:45:56]} 16. Rxd7 {[%clk 0:41:36]} Rc7 {[%clk
0:44:56]} 17. Rhd1 {[%clk 0:40:52]} f5 {[%clk 0:39:58]} 18. Bd5+ {[%clk 0:35:27]}
Nxd5 {[%clk 0:39:37]} 19. R1xd5 {[%clk 0:33:01]} Rxd7 {[%clk 0:33:40]} 20. Rxd7
{[%clk 0:33:25]} Nc7 {[%clk 0:33:32]} 21. Qc4+ {[%clk 0:27:51]} Kh8 {[%clk
0:33:43]} 22. Ng5 {[%clk 0:27:14]} h6 {[%clk 0:31:28]} 23. Nf3 {[%clk 0:24:12]}
Qc8 {[%clk 0:30:14]} 24. Qd3 {[%clk 0:21:15]} Re8 {[%clk 0:23:34]} 25. Nh4 {[%clk
0:20:10]} Kh7 {[%clk 0:23:08]} 26. Nxf5 {[%clk 0:12:42]} Ne6 {[%clk 0:17:51]} 27.
Nxg7 {[%clk 0:11:38]} Nxg7 {[%clk 0:18:08]} 28. f5 {[%clk 0:09:12]} gxf5 {[%clk
0:17:16]} 29. Qxf5+ {[%clk 0:08:56]} Kh8 {[%clk 0:17:30]} 30. Qf7 {[%clk
0:09:15]} Rg8 {[%clk 0:17:14]} 31. Bxh6 {[%clk 0:09:32]} Qe8 {[%clk 0:16:39]} 32.
Bxg7+ {[%clk 0:09:49]} Kh7 {[%clk 0:17:04]} 33. Qxe8 {[%clk 0:09:42]} Rxe8 {[%clk
0:17:29]} 34. Bf6+ {[%clk 0:10:00]} Kg6 {[%clk 0:17:52]} 35. Rxa7 {[%clk
0:10:22]} 1-0

[Event "Girls U14 Polish Youth Championship"]
[Site "chess24.com"]
[Date "2018.05.01"]
[Round "4"]
[White "Mirowska, Oliwia"]
[Black "Zarebska, Lena"]
[Result "0-1"]
[Board "2"]
[WhiteElo "1492"]
[WhiteCountry "POL"]
[WhiteFideId "21807574"]
[WhiteEloChange "-4"]
[BlackElo "1754"]
[BlackCountry "POL"]
[BlackFideId "21807698"]
[BlackEloChange "4"]

1. e4 {[%clk 1:30:56]} c5 {[%clk 1:30:51]} 2. Nf3 {[%clk 1:31:21]} Nc6 {[%clk
1:31:15]} 3. d4 {[%clk 1:31:41]} cxd4 {[%clk 1:31:40]} 4. Nxd4 {[%clk 1:32:05]}
g6 {[%clk 1:31:13]} 5. Nc3 {[%clk 1:32:15]} Bg7 {[%clk 1:31:14]} 6. Be3 {[%clk
1:32:21]} Nf6 {[%clk 1:31:30]} 7. Nxc6 {[%clk 1:31:34]} bxc6 {[%clk 1:31:53]} 8.
e5 {[%clk 1:30:50]} Ng8 {[%clk 1:31:19]} 9. f4 {[%clk 1:29:05]} Nh6 {[%clk
1:28:23]} 10. g4 {[%clk 1:25:21]} Qa5 {[%clk 1:16:41]} 11. h3 {[%clk 1:20:35]}
Rb8 {[%clk 1:14:39]} 12. Rb1 {[%clk 1:14:47]} Rxb2 {[%clk 1:10:59]} 13. Bd2
{[%clk 1:13:18]} Rxb1 {[%clk 1:11:18]} 14. Qxb1 {[%clk 1:13:27]} Qc7 {[%clk
1:00:45]} 15. Bd3 {[%clk 1:12:42]} d6 {[%clk 0:51:38]} 16. exd6 {[%clk 1:10:19]}
exd6 {[%clk 0:51:35]} 17. Ne4 {[%clk 1:01:18]} d5 {[%clk 0:50:02]} 18. Nf2 {[%clk
0:58:03]} O-O {[%clk 0:46:01]} 19. O-O {[%clk 0:58:13]} c5 {[%clk 0:37:30]} 20.
c4 {[%clk 0:55:24]} dxc4 {[%clk 0:36:21]} 21. Bxc4 {[%clk 0:55:43]} Bb7 {[%clk
0:36:06]} 22. Qb5 {[%clk 0:50:17]} a6 {[%clk 0:33:06]} 23. Qa4 {[%clk 0:50:23]}
Bd4 {[%clk 0:29:12]} 24. Re1 {[%clk 0:40:17]} Bc6 {[%clk 0:20:54]} 25. Qc2 {[%clk
0:34:47]} Qd8 {[%clk 0:16:07]} 26. Be3 {[%clk 0:31:11]} Re8 {[%clk 0:12:37]} 27.
Qc1 {[%clk 0:27:28]} Qh4 {[%clk 0:12:11]} 28. Kf1 {[%clk 0:15:37]} Qg3 {[%clk
0:11:35]} 29. Re2 {[%clk 0:14:58]} Bxe3 {[%clk 0:11:23]} 0-1

[Event "Girls U14 Polish Youth Championship"]
[Site "chess24.com"]
[Date "2018.05.01"]
[Round "4"]
[White "Wikar, Martyna"]
[Black "Mezykowska, Emilia"]
[Result "1-0"]
[Board "3"]
[WhiteElo "2029"]
[WhiteCountry "POL"]
[WhiteFideId "21807663"]
[WhiteEloChange "2"]
[BlackElo "1464"]
[BlackCountry "POL"]
[BlackFideId "21862524"]
[BlackEloChange "-2"]

1. e4 {[%clk 1:30:57]} c5 {[%clk 1:30:56]} 2. g3 {[%clk 1:31:18]} Nc6 {[%clk
1:31:15]} 3. Bg2 {[%clk 1:31:24]} g6 {[%clk 1:31:24]} 4. Ne2 {[%clk 1:30:56]} Bg7
{[%clk 1:31:19]} 5. c3 {[%clk 1:31:05]} e6 {[%clk 1:31:04]} 6. d4 {[%clk
1:30:21]} cxd4 {[%clk 1:30:58]} 7. cxd4 {[%clk 1:30:37]} d5 {[%clk 1:28:21]} 8.
e5 {[%clk 1:25:44]} Nge7 {[%clk 1:24:55]} 9. Nbc3 {[%clk 1:19:15]} f6 {[%clk
1:17:18]} 10. f4 {[%clk 1:09:33]} fxe5 {[%clk 1:12:52]} 11. fxe5 {[%clk 1:08:16]}
O-O {[%clk 1:09:55]} 12. Bf4 {[%clk 1:07:35]} Nf5 {[%clk 1:07:17]} 13. Qd2 {[%clk
1:06:51]} b6 {[%clk 0:59:19]} 14. O-O {[%clk 1:05:27]} Ba6 {[%clk 0:57:38]} 15.
g4 {[%clk 0:59:51]} Nfe7 {[%clk 0:45:43]} 16. Bh6 {[%clk 0:55:16]} Qd7 {[%clk
0:37:32]} 17. Qg5 {[%clk 0:49:17]} Rxf1+ {[%clk 0:31:27]} 18. Rxf1 {[%clk
0:49:15]} Rf8 {[%clk 0:28:03]} 19. Rxf8+ {[%clk 0:43:15]} Bxf8 {[%clk 0:27:37]}
20. Bxf8 {[%clk 0:42:48]} Kxf8 {[%clk 0:28:00]} 21. Qf6+ {[%clk 0:42:28]} Kg8
{[%clk 0:28:04]} 22. Bh3 {[%clk 0:41:49]} Bd3 {[%clk 0:26:25]} 23. Nf4 {[%clk
0:37:46]} Be4 {[%clk 0:21:36]} 24. Nxe6 {[%clk 0:37:45]} Qxe6 {[%clk 0:20:40]}
25. Qxe6+ {[%clk 0:38:09]} Kh8 {[%clk 0:21:05]} 26. Nxe4 {[%clk 0:38:20]} dxe4
{[%clk 0:21:26]} 27. d5 {[%clk 0:38:39]} Nd4 {[%clk 0:21:44]} 28. Qxe7 {[%clk
0:38:57]} a6 {[%clk 0:22:08]} 29. Qf8# {[%clk 0:39:22]} 1-0

[Event "Girls U14 Polish Youth Championship"]
[Site "chess24.com"]
[Date "2018.05.01"]
[Round "4"]
[White "Goraj, Barbara"]
[Black "Krzyzosiak, Marta"]
[Result "1-0"]
[Board "4"]
[WhiteElo "1784"]
[WhiteCountry "POL"]
[WhiteFideId "21816166"]
[WhiteEloChange "4"]
[BlackElo "1567"]
[BlackCountry "POL"]
[BlackFideId "21820449"]
[BlackEloChange "-4"]

1. e4 {[%clk 1:30:56]} e5 {[%clk 1:30:53]} 2. Nf3 {[%clk 1:31:18]} Nc6 {[%clk
1:31:07]} 3. Bb5 {[%clk 1:31:13]} g6 {[%clk 1:30:54]} 4. O-O {[%clk 1:29:56]} Bg7
{[%clk 1:30:19]} 5. c3 {[%clk 1:28:21]} a6 {[%clk 1:28:38]} 6. Bxc6 {[%clk
1:26:42]} dxc6 {[%clk 1:27:22]} 7. d4 {[%clk 1:14:24]} exd4 {[%clk 1:21:21]} 8.
Nxd4 {[%clk 1:14:24]} Ne7 {[%clk 1:14:43]} 9. Be3 {[%clk 1:11:11]} O-O {[%clk
1:08:35]} 10. Nd2 {[%clk 1:04:40]} c5 {[%clk 1:03:03]} 11. Ne2 {[%clk 0:57:39]}
b6 {[%clk 0:59:09]} 12. Nf4 {[%clk 0:53:02]} Bb7 {[%clk 0:46:27]} 13. Qb3 {[%clk
0:46:32]} Nc6 {[%clk 0:30:11]} 14. Rad1 {[%clk 0:44:17]} Na5 {[%clk 0:21:33]} 15.
Qc2 {[%clk 0:42:14]} Qe7 {[%clk 0:20:30]} 16. Rfe1 {[%clk 0:40:08]} Rad8 {[%clk
0:18:21]} 17. a3 {[%clk 0:37:20]} c4 {[%clk 0:15:05]} 18. Nd5 {[%clk 0:31:58]}
Bxd5 {[%clk 0:12:09]} 19. exd5 {[%clk 0:31:50]} Qd7 {[%clk 0:11:22]} 20. Ne4
{[%clk 0:30:57]} Qf5 {[%clk 0:08:31]} 21. d6 {[%clk 0:25:42]} Rxd6 {[%clk
0:05:34]} 22. Rxd6 {[%clk 0:25:18]} cxd6 {[%clk 0:06:00]} 23. Bxb6 {[%clk
0:22:46]} Nb3 {[%clk 0:05:11]} 24. Qd1 {[%clk 0:19:35]} d5 {[%clk 0:05:11]} 25.
Nd6 {[%clk 0:19:35]} Qe4 {[%clk 0:01:13]} 26. a4 {[%clk 0:09:15]} Qd3 {[%clk
0:01:13]} 1-0